160 rokov od vzniku Ohňohasiaceho a záchranného útvaru v Prešove

Bibliographic Details
Main Author: Lazoník, Blahoslav (Author)
Format: Article
Language:Slovak
PhysicalDescription:Fotogr.
ISSN:0231-617X
Subjects:

MARC

LEADER 00000nab a2200000 a 4500
001 vtls009005991
003 SK-MaSNL
005 20260303065720.0
008 140617c2007 xo sr|p|||||||000 b|slo
015 |a SNBRB2007/07  |2 snkbucl 
038 |a SNKBUCL 
040 |a SNKBUCL  |b slo  |c SNKBUCL  |e AACR2 
041 0 |a slo 
044 |a xo  |c SK 
080 |a 614.842.83  |x (437.6)  |2 1997 
100 1 |a Lazoník, Blahoslav  |4 aut  |9 1066147 
245 1 0 |a 160 rokov od vzniku Ohňohasiaceho a záchranného útvaru v Prešove  |c Blahoslav Lazoník 
246 3 |a Stošesťdesiat rokov od vzniku Ohňohasiaceho a záchranného útvaru v Prešove 
300 |b Fotogr. 
610 2 7 |a Dobrovoľný hasičský zbor (Prešov, Slovensko)  |2 snkbucl  |9 1066148 
650 0 7 |a založenie  |2 snkbucl  |9 431500 
650 0 7 |a 160. výročie  |2 snkbucl  |9 1066149 
773 0 |t Požiarnik  |g Roč. LXXXIV, č. 7 (2007), s. 15  |x 0231-617X 
852 |a SNK  |b KIS3GCP 
999 |c 1752333  |d 1754263